<?xml version="1.0" encoding="UTF-8"?><?xml-stylesheet type="text/xsl" href="static/style.xsl"?><OAI-PMH xmlns="http://www.openarchives.org/OAI/2.0/" xmlns:xsi="http://www.w3.org/2001/XMLSchema-instance" xsi:schemaLocation="http://www.openarchives.org/OAI/2.0/ http://www.openarchives.org/OAI/2.0/OAI-PMH.xsd"><responseDate>2026-04-27T20:12:43Z</responseDate><request verb="GetRecord" identifier="oai:uvadoc.uva.es:10324/60948" metadataPrefix="marc">https://uvadoc.uva.es/oai/request</request><GetRecord><record><header><identifier>oai:uvadoc.uva.es:10324/60948</identifier><datestamp>2025-03-26T19:45:19Z</datestamp><setSpec>com_10324_58352</setSpec><setSpec>com_10324_5186</setSpec><setSpec>com_10324_29291</setSpec><setSpec>col_10324_60934</setSpec></header><metadata><record xmlns="http://www.loc.gov/MARC21/slim" xmlns:doc="http://www.lyncode.com/xoai" xmlns:xsi="http://www.w3.org/2001/XMLSchema-instance" xmlns:dcterms="http://purl.org/dc/terms/" xsi:schemaLocation="http://www.loc.gov/MARC21/slim http://www.loc.gov/standards/marcxml/schema/MARC21slim.xsd">
<leader>00925njm 22002777a 4500</leader>
<datafield tag="042" ind1=" " ind2=" ">
<subfield code="a">dc</subfield>
</datafield>
<datafield tag="720" ind1=" " ind2=" ">
<subfield code="a">Gamazo Chillón, Juan Carlos</subfield>
<subfield code="e">author</subfield>
</datafield>
<datafield tag="260" ind1=" " ind2=" ">
<subfield code="c">2023</subfield>
</datafield>
<datafield tag="520" ind1=" " ind2=" ">
<subfield code="a">A partir de los datos proporcionados por la oficina estadística europea, Eurostat, en este trabajo se estudian las principales características de las explotaciones agrarias de la Unión Europea, con una especial consideración de las españolas. Desde una perspectiva estática, de acuerdo con la última información disponible, pero también dinámica, examinando la evolución a lo largo del presente siglo, se analiza el número de explotaciones agropecuarias, su tamaño, el tipo de producción, el régimen de gestión, los rasgos socio-demográficos de sus titulares, etc. Todo ello con el objetivo último de proporcionar herramientas a otras ramas científicas para el diseño e implementación de una legislación más adecuada para este sector productivo estratégico.</subfield>
</datafield>
<datafield tag="024" ind2=" " ind1="8">
<subfield code="a">Revista Española de Estudios Agrosociales y Pesqueros; Núm. 260 (2023) pags. 10-51</subfield>
</datafield>
<datafield tag="024" ind2=" " ind1="8">
<subfield code="a">2605-0323</subfield>
</datafield>
<datafield tag="024" ind2=" " ind1="8">
<subfield code="a">https://uvadoc.uva.es/handle/10324/60948</subfield>
</datafield>
<datafield tag="024" ind2=" " ind1="8">
<subfield code="a">10.24197/reeap.260.2023.10-51</subfield>
</datafield>
<datafield tag="024" ind2=" " ind1="8">
<subfield code="a">10</subfield>
</datafield>
<datafield tag="024" ind2=" " ind1="8">
<subfield code="a">260</subfield>
</datafield>
<datafield tag="024" ind2=" " ind1="8">
<subfield code="a">51</subfield>
</datafield>
<datafield tag="245" ind1="0" ind2="0">
<subfield code="a">Aproximación económica a los modelos de explotación agraria en la Unión Europea</subfield>
</datafield>
</record></metadata></record></GetRecord></OAI-PMH>